00497nam a22001097a 4500008004100000100001900041245006900060260002200129300003000151520018400181773002200365260529b ||||| |||| 00| 0 eng d aSaghar, Amol  a Perspectives to the study of non elite histories of South Asia  aThe Book Review  a49(4), Apr, 2025: p.27-30 aForms of the lift in postcolonial South Asia: aesthetics, networks and connected histories by Sanjukta Sunderason and Lotte Hoek, Bloomsbury, 2022, 300pp, Rs.999.00.- Reproduced  aThe Book Review